ბათუმის შოთა რუსთაველის სახელმწიფო უნივერსიტეტის ბიბლიოთეკა

წელიწდეული VII : (ბიბ.ჩანაწერი № 55613)

000 -ლიდერი
ფიქსირებული სიგრძის საკონტროლო ველი 01452nam a2200253Ia 4500
001 - საკონტროლო ნომერი
საკონტროლო ველი 22708
003 - საკონტროლო ნომრის იდენტიფიკატორი
საკონტროლო ველი GE_BSU
005 - ბოლო ოპერაციის თარიღი და დრო
საკონტროლო ველი 20230425102913.0
008 - ფიქსირებული სიგრძის მონაცემთა ელემენტები - ზოგადი ინფორმაცია
ფიქსირებული სიგრძის საკონტროლო ველი 181216s2015||||ge |||||||||||||| ||geo||
020 ## - წიგნის საერთაშორისო სტანდარტული ნომერი
International Standard Book Number ISSN 1987-9288
040 ## - კატალოგიზაციის წყარო
Transcribing agency GE_BSU
041 ## - ენის კოდი
Language code of text/sound track or separate title geo
080 ## - უნივერსალური ათობითი კლასიფიკაციის ინდექსი
Universal Decimal Classification number 81(058)+82+39+94(058) წ-35
245 ## - ცნობა სათაურის შესახებ
Title წელიწდეული VII :
Remainder of title ეძღვნება აკაკი წერეთლის დაბადებიდან 175 წლისთავს : Deducated to the 175 Anniversary from the Birth of AKAKI Tsereteli /
Statement of responsibility, etc მთ. რედ. ტ. ფუტკარაძე ; მთარგმნ. ნ.უგულავა.
264 ## - წარმოების, გამოცემის, დისტრიბუციის და სხვა ცნობები
გამოცემის, წარმოების, დისტრიბუციის... ადგილი ქუთაისი :
გამოცემის, წარმოების, დისტრიბუციის... სახელწოდება ქუთაისის ილია ჭავჭავაძის სახელობის საჯარო ბიბლიოთეკა,
გამოცემის, წარმოების, დისტრიბუციის... თარიღი 2015.
300 ## - ფიზიკური აღწერა
Extent 239 გვ. ;
Dimensions 24 სმ.
653 ## - INDEX TERM--UNCONTROLLED
Uncontrolled term ეძღვნება აკაკი წერეთლის დაბადებიდან 175 წლისთავს
653 ## - INDEX TERM--UNCONTROLLED
Uncontrolled term საერთაშორისო კონფერენციაზე წაკითხული მოხსენებები
653 ## - INDEX TERM--UNCONTROLLED
Uncontrolled term წელიწდეული
700 ## - ADDED ENTRY--PERSONAL NAME
Personal name ფუტკარაძე, ტ.
Relator term რედაქტორი
9 (RLIN) 7500
700 ## - ADDED ENTRY--PERSONAL NAME
Personal name უგულავა, ნ.
Relator term მთარგმნელი
9 (RLIN) 7501
942 ## - ADDED ENTRY ELEMENTS (KOHA)
Koha item type წიგნი
Source of classification or shelving scheme
ეგზემპლარები
ჩამოწერის სტატუსი დაკარგული ეგზემპლარის სტატუსი კლასიფიკაციის წყარო ან თაროზე გაწყობის სქემა დაზიანების სტატუსი არ გაიცემა მუდმივი მდებარეობა (დაცვის ადგილი) ამჟამინდელი ადგილსამყოფელი თაროზე განთავსების ადგილი შეძენის თარიღი ღირებულება, შესყიდვის ნორმალური ფასი სრული შენახვის შიფრი შტრიხკოდი ბოლო ოპერაციის თარიღი ეგზემპლარის მიმდევრობითი ნომერი (კეტერი?) ფასის ძალაში შესვლის თარიღი ეგზემპლარის სახეობა საჯარო შენიშვნა
          ბათუმის შოთა რუსთაველის სახელმწიფო უნივერსიტეტის მთავარი ბიბლიოთეკა ბათუმის შოთა რუსთაველის სახელმწიფო უნივერსიტეტის მთავარი ბიბლიოთეკა წიგნსაცავი 2018-12-17 5.00 81(058)+82+39+94(058) წ-35 58131 2018-12-17 58131 2018-12-17 წიგნი 5.00 ₾.